Canciones de Guille Toledano en OT2025 - Estadísticas

Estadísticas generales
  • Esta prueba ha sido intentada 22 veces
    9 desde el último reinicio
  • La puntuación promedio es 13 de 18
Estadísticas de respuestas
Gala Compañero Canción % Correcto
Gala 6 Claudia Arenas Dos Gardenias
100%
Gala 1 Crespo Mariposas
100%
Gala 12 Cristina mariposas
100%
Gala 4 Guillo Rist NUEVAYoL
100%
Gala Final Solo haz lo que quieras conmigo
86%
Gala 5 Max I Was Born To Love You
86%
Gala 2 Tinho La Salvación
86%
Gala 8 Solo Como Camarón
71%
Gala Final (Gala 0) Solo Cuánto Me Duele
71%
Gala 3 Judit Don't Leave Me This Way
71%
Gala 11 Solo El Roce De Tu Piel
57%
Single Solo no sé si quiero volver
57%
Amazon Music Original Claudia Arenas Procuro Olvidarte
57%
Gala 7 Lucia Casani Siempre Es De Noche
57%
Gala 9 Solo Stars
57%
Gala 10 Solo Until I Found You
57%
Amazon Music Original Solo Volverá
57%
Gala 12 Solo Tengo Todo Excepto a Ti
43%
No se encontraron pruebas coincidentes
Distribución de puntuación
Porcentaje de gente con cada puntuación
Porcentaje por número respondido
Historial de tus puntuaciones
No has intentado esta prueba desde el último reinicio